000 00998nam a2200253 a 4500
001 83662
003 BD-RjUL
005 20240507101620.0
008 240507s2004 bg a|||| m||| 00| 0 eng d
035 _a(BD-RjUL)83662
040 _aBD-RjUL
_beng
_cBD-RjUL
_dBD-RjUL
041 _aeng
082 _223
_a635.21
_bKHM 2004
100 _aKHATUN, NURUNNAHAR
_912868
245 _aMICROPROPAGATION AND GENETIC TRANSFORMATION IN POTATO :
_bSOLANUM TUBEROSUM L. /
_cNURUNNAHAR KHATUN
_6Supervisors : M. A. Bari Miah & A. K. M. Rafiul Islam
260 _aRajshahi :
_bINSTITUTE OF BIOLOGICAL SCIENCES,UNIVERSITY OF RAJSHAHI
_c2004
300 _a[7], v, 193, [2] leaves :
_bill.;
_c29 cm.
502 _aThesis (Ph.D.) -- Institute of Biological Sciences, University of Rajshahi,2004
504 _aReferences : Leaves 174-193
651 _aPotato
_xMicropropagation
_912869
700 _aMiah, M. A. Bari, Supervisors
_912870
700 _aIslam, A. K. M. Rafiul, Supervisors
_912871
942 _2ddc
_cTHE
999 _c83662
_d83662